Historia de una momia / (Record no. 68637)
[ view plain ]
| 000 -LEADER | |
|---|---|
| campo de control de longitud fija | 00928nam a2200265 i 4500 |
| 001 - NÚMERO DE CONTROL | |
| campo de control | 68637 |
| 003 - IDENTIFICADOR DE NÚMERO DE CONTROL | |
| campo de control | ES-MaACL |
| 005 - FECHA Y HORA DE LA ÚLTIMA TRANSACCIÓN | |
| campo de control | 20250817024654.0 |
| 007 - CAMPO FIJO DE DESCRIPCIÓN FÍSICA--INFORMACIÓN GENERAL | |
| campo de control de longitud fija | t| |
| 008 - DATOS DE LONGITUD FIJA--INFORMACIÓN GENERAL | |
| campo de control de longitud fija | 931025s1868 sp ||||1| spa d |
| 080 ## - NÚMERO DE LA CLASIFICACIÓN DECIMAL UNIVERSAL | |
| Número de la Clasificación Decimal Universal | 840-311.6"18" |
| 100 1# - ENTRADA PRINCIPAL--NOMBRE DE PERSONA | |
| Nombre de persona | Gautier, Théophile, |
| Fechas asociadas al nombre | 1811-1872 |
| Término indicativo de función/relación | Autor |
| 9 (RLIN) | 170960 |
| 245 10 - MENCIÓN DEL TÍTULO | |
| Título | Historia de una momia / |
| Mención de responsabilidad, etc. | por Teófilo Gautier ; traducción de Cárlos Abaran |
| 260 ## - PUBLICACIÓN, DISTRIBUCIÓN, ETC. | |
| Lugar de publicación, distribución, etc. | Madrid : |
| Nombre del editor, distribuidor, etc. | Librería de Cuesta, |
| Fecha de publicación, distribución, etc. | [1868] |
| Fabricante | (Imp. de José Noguera a cargo de Juan Iniesta) |
| 300 ## - DESCRIPCIÓN FÍSICA | |
| Extensión | 254 páginas ; |
| Dimensiones | 18 cm |
| 490 1# - MENCIÓN DE SERIE | |
| Mención de serie | Biblioteca económica de instrucción y recreo |
| 655 #7 - TERMINO DE INDIZACIÓN--GENERO/FORMA | |
| Datos o término principal de género/forma | Novelas históricas |
| Fuente del término | tgfbne |
| 9 (RLIN) | 226782 |
| 700 1# - ENTRADA AGREGADA--NOMBRE PERSONAL | |
| Nombre de persona | Abaran, Cárlos |
| Término indicativo de función/relación | Traductor |
| 9 (RLIN) | 17967 |
| 830 #0 - PUNTO DE ACCESO ADICIONAL DE SERIE-TÍTULO UNIFORME | |
| Título uniforme | Biblioteca económica de instrucción y recreo |
| 9 (RLIN) | 182441 |
| 852 ## - LOCALIZACIÓN | |
| Ubicación | ES-MaACL |
| Ubicación en estantería | Sala Valle Inclán |
| Número de control de estantería | D-1505 |
| 942 ## - ELEMENTOS DE ENTRADA SECUNDARIOS (KOHA) | |
| Fuente del sistema de clasificación o colocación | Clasificación decimal universal |
| Tipo de ítem Koha | Libro impreso antiguo |
| Suprimir en OPAC | No |
| Estatus retirado | Estado de pérdida | Estado de daño | No para préstamo | Colección | Biblioteca de origen | Biblioteca actual | Ubicación en estantería | Fecha de adquisición | Fuente de adquisición | Total de préstamos | Signatura topográfica completa | Código de barras | Visto por última vez | Precio de reemplazo | Tipo de ítem Koha |
|---|---|---|---|---|---|---|---|---|---|---|---|---|---|---|---|
| Libros del s. XIX | Biblioteca del Ateneo de Madrid | Biblioteca del Ateneo de Madrid | Sala Valle Inclán | 17/01/2008 | D-1505 | 901071858 | 23/02/2023 | 23/02/2023 | Libro impreso antiguo |
